[Event "POL-ch Rapid U18 Girls"]
[Site "Bydgoszcz"]
[Date "2023.08.30"]
[Round "10"]
[White "Seemann, Pola"]
[Black "Sprzeczka, Emilia"]
[Result "0-1"]
[WhiteElo "1700"]
[BlackElo "1808"]
[PlyCount "118"]
[EventDate "2023.08.28"]
[EventType "swiss"]
[EventRounds "11"]
[EventCountry "POL"]
[SourceTitle "EXT 2024"]
[Source "ChessBase"]
[SourceDate "2023.10.10"]
[SourceVersion "1"]
[SourceVersionDate "2023.10.10"]
[SourceQuality "1"]

1. e4 c5 2. Nf3 d6 3. d4 cxd4 4. Nxd4 Nf6 5. Nc3 g6 6. Be3 Bg7 7. f3 0-0 8. Qd2 Nc6 9. Bc4 Nxd4 10. Bxd4 Be6 11. Bb3 Qa5 12. 0-0-0 b5 13. Kb1 b4 14. Nd5 Bxd5 15. exd5 Qb5 16. Qd3 Qxd3 17. Rxd3 Nd7 18. Bxg7 Kxg7 19. Re1 Kf6 20. Rde3 g5 21. Rxe7 Ne5 22. Rb7 Rfb8 23. Rxb8 Rxb8 24. Re4 Kf5 25. Bc4 Kg6 26. Be2 f5 27. Rd4 Nd7 28. Kc1 a5 29. g4 fxg4 30. Bd3+ Kf6 31. fxg4 Rh8 32. Re4 Ne5 33. Re3 h5 34. gxh5 Rxh5 35. h3 Rh4 36. c3 Rf4 37. Kc2 Rf2+ 38. Kb3 bxc3 39. Kxc3 Rf4 40. a3 Ke7 41. b4 axb4+ 42. axb4 Kd7 43. b5 Kc7 44. Rg3 g4 45. h4 Rf6 46. Be2 Rh6 47. Bxg4 Rg6 48. h5 Rxg4 49. Rxg4 Nxg4 50. Kd4 Kb6 51. Kc4 Ka5 52. b6 Kxb6 53. Kb4 Nf6 54. h6 Nxd5+ 55. Kc4 Nf6 56. Kd4 Kc6 57. Kc4 d5+ 58. Kd4 Kd6 59. Kd3 Ke5 0-1

[Event "POL-ch Rapid U18 Girls"]
[Site "Bydgoszcz"]
[Date "2023.08.29"]
[Round "4"]
[White "Siekanska, Maria"]
[Black "Sprzeczka, Emilia"]
[Result "1-0"]
[WhiteElo "1995"]
[BlackElo "1808"]
[PlyCount "85"]
[EventDate "2023.08.28"]
[EventType "swiss"]
[EventRounds "11"]
[EventCountry "POL"]
[SourceTitle "EXT 2024"]
[Source "ChessBase"]
[SourceDate "2023.10.10"]
[SourceVersion "1"]
[SourceVersionDate "2023.10.10"]
[SourceQuality "1"]

1. d4 Nf6 2. c4 g6 3. Nc3 d5 4. cxd5 Nxd5 5. e4 Nxc3 6. bxc3 Bg7 7. Bc4 c5 8. Ne2 Nc6 9. Be3 0-0 10. 0-0 Bg4 11. f3 Na5 12. Bd3 cxd4 13. cxd4 Be6 14. d5 Bxa1 15. Qxa1 f6 16. Qd4 Bf7 17. Bh6 Re8 18. Bb5 e5 19. Qf2 Re7 20. f4 exf4 21. Qxf4 Qb6+ 22. Kh1 Bxd5 23. exd5 Qxb5 24. Qxf6 Qe8 25. Qd4 Rf7 26. Rxf7 Qxf7 27. Bd2 Qg7 28. Qe4 Qf7 29. Qd4 h6 30. Bxa5 Kh7 31. Bc3 Re8 32. h3 Rg8 33. Ng3 Rf8 34. Ne4 Qf1+ 35. Kh2 Qf4+ 36. g3 Qf7 37. Nf6+ Kh8 38. Nd7+ Kh7 39. Nxf8+ Qxf8 40. d6 Qg8 41. Qg7+ Qxg7 42. Bxg7 Kxg7 43. d7 1-0

[Event "POL-ch Rapid U18 Girls"]
[Site "Bydgoszcz"]
[Date "2023.08.29"]
[Round "5"]
[White "Sprzeczka, Emilia"]
[Black "Zapalowska, Wiktoria"]
[Result "1-0"]
[WhiteElo "1808"]
[BlackElo "1570"]
[PlyCount "63"]
[EventDate "2023.08.28"]
[EventType "swiss"]
[EventRounds "11"]
[EventCountry "POL"]
[SourceTitle "EXT 2024"]
[Source "ChessBase"]
[SourceDate "2023.10.10"]
[SourceVersion "1"]
[SourceVersionDate "2023.10.10"]
[SourceQuality "1"]

1. e4 c6 2. Nf3 d5 3. Nc3 Bg4 4. h3 Bxf3 5. Qxf3 e6 6. d4 dxe4 7. Qxe4 Nf6 8. Qd3 c5 9. Qb5+ Qd7 10. dxc5 a6 11. Qc4 Qc7 12. b4 Nbd7 13. Be2 b6 14. 0-0 bxc5 15. Bf4 Bd6 16. Bxd6 Qxd6 17. Rad1 Qb6 18. b5 axb5 19. Nxb5 0-0 20. a4 Qa5 21. Ra1 Rfc8 22. Ra3 Nb6 23. Qh4 Qb4 24. Qg5 Ne4 25. Qe5 Rxa4 26. Rb3 Qd2 27. Bd3 Qg5 28. Qxg5 Nxg5 29. Nc3 Nd5 30. Nxa4 f6 31. Bc4 Ne4 32. Rd1 1-0

[Event "Warsaw Najdorf Memorial op-B"]
[Site "Warsaw"]
[Date "2023.07.19"]
[Round "9"]
[White "Wieckowski, Michal"]
[Black "Sprzeczka, Emilia"]
[Result "1/2-1/2"]
[WhiteElo "1637"]
[BlackElo "1797"]
[PlyCount "50"]
[EventDate "2023.07.11"]
[EventType "swiss"]
[EventRounds "9"]
[EventCountry "POL"]
[SourceTitle "EXT 2024"]
[Source "ChessBase"]
[SourceDate "2023.10.10"]
[SourceVersion "1"]
[SourceVersionDate "2023.10.10"]
[SourceQuality "1"]

1. e4 c5 2. Nf3 d6 3. d4 cxd4 4. Nxd4 Nf6 5. Nc3 g6 6. Be3 Bg7 7. f3 0-0 8. Qd2 Nc6 9. g4 Be6 10. Nxe6 fxe6 11. 0-0-0 Ne5 12. Be2 Qc8 13. h4 Nfd7 14. h5 Nxf3 15. Bxf3 Rxf3 16. hxg6 hxg6 17. Qh2 Rxe3 18. Qh7+ Kf7 19. Rh6 Ne5 20. Rf1+ Rf3 21. Rxf3+ Nxf3 22. Qxg6+ Kg8 23. Qh7+ Kf7 24. Qg6+ Kg8 25. Qh7+ Kf7 1/2-1/2

[Event "Warsaw Najdorf Memorial op-B"]
[Site "Warsaw"]
[Date "2023.07.12"]
[Round "2"]
[White "Sprzeczka, Emilia"]
[Black "Flis, Piotr"]
[Result "1/2-1/2"]
[WhiteElo "1797"]
[BlackElo "1698"]
[PlyCount "106"]
[EventDate "2023.07.11"]
[EventType "swiss"]
[EventRounds "9"]
[EventCountry "POL"]
[SourceTitle "EXT 2024"]
[Source "ChessBase"]
[SourceDate "2023.10.10"]
[SourceVersion "1"]
[SourceVersionDate "2023.10.10"]
[SourceQuality "1"]

1. e4 e5 2. Nf3 Nc6 3. Bc4 Nf6 4. d3 Bc5 5. c3 d6 6. 0-0 a5 7. Re1 0-0 8. h3 h6 9. Nbd2 Be6 10. Bb3 Bxb3 11. Qxb3 a4 12. Qc2 Nh5 13. Nf1 Ne7 14. d4 exd4 15. cxd4 Bb4 16. Bd2 Bxd2 17. Qxd2 c6 18. Ng3 Nxg3 19. fxg3 Re8 20. Nh4 Qd7 21. g4 g5 22. Nf3 Ng6 23. g3 Re7 24. Kg2 Rae8 25. Qc2 f6 26. e5 Kf7 27. Rf1 dxe5 28. Nxe5+ Nxe5 29. Qh7+ Ke6 30. Qf5+ Kd6 31. dxe5+ Kc7 32. Qxd7+ Rxd7 33. exf6 Rd2+ 34. Rf2 Rxf2+ 35. Kxf2 Rf8 36. Ke3 Rxf6 37. h4 Re6+ 38. Kf3 b5 39. Rh1 c5 40. hxg5 hxg5 41. Rh8 a3 42. bxa3 c4 43. Rh2 Kb6 44. Rd2 Kc5 45. Rd8 c3 46. Rc8+ Kd4 47. Rd8+ Kc4 48. Rc8+ Kd3 49. Rd8+ Kc4 50. Rc8+ Kd4 51. Rd8+ Kc5 52. Rc8+ Kd4 53. Rd8+ Kc4 1/2-1/2

[Event "Warsaw Maciei Memorial"]
[Site "Warsaw"]
[Date "2023.07.10"]
[Round "10"]
[White "Malowidzki, Maciej"]
[Black "Sprzeczka, Emilia"]
[Result "0-1"]
[WhiteElo "1579"]
[BlackElo "1797"]
[PlyCount "88"]
[EventDate "2023.07.10"]
[EventType "swiss (blitz)"]
[EventRounds "11"]
[EventCountry "POL"]
[SourceTitle "CBM 215 Extra"]
[Source "ChessBase"]
[SourceDate "2023.09.30"]
[SourceVersion "1"]
[SourceVersionDate "2023.09.30"]
[SourceQuality "1"]

1. c4 g6 2. g3 Bg7 3. Bg2 c5 4. Nc3 Nf6 5. Nf3 Nc6 6. d4 cxd4 7. Nxd4 0-0 8. 0-0 Nxd4 9. Qxd4 d6 10. Qd3 Nd7 11. b3 Nc5 12. Qc2 Bf5 13. Qd2 Ne4 14. Bxe4 Bxe4 15. Bb2 Bc6 16. Nd5 Qd7 17. Bxg7 Kxg7 18. Rad1 f6 19. f3 b5 20. cxb5 Bxb5 21. Rc1 Rfc8 22. Qe3 e6 23. Nf4 e5 24. Nd5 Qb7 25. Rfd1 Rxc1 26. Qxc1 Bxe2 27. Rd2 Bxf3 28. Ne3 Rc8 29. Qf1 Rd8 30. Nc4 Bd5 31. Ne3 Be6 32. Qd1 Qb6 33. Kf2 d5 34. Ke2 d4 35. Nc4 Qc5 36. Qc2 Bf5 37. Qb2 d3+ 38. Kf3 e4+ 39. Kg2 e3 40. Nxe3 Qxe3 41. Qc3 Be4+ 42. Kh3 Qh6+ 43. Kg4 Qh5+ 44. Kf4 Qf3# 0-1

[Event "Warsaw Maciei Memorial"]
[Site "Warsaw"]
[Date "2023.07.10"]
[Round "11"]
[White "Sprzeczka, Emilia"]
[Black "Dzida, Kamil"]
[Result "0-1"]
[WhiteElo "1797"]
[BlackElo "2356"]
[PlyCount "38"]
[EventDate "2023.07.10"]
[EventType "swiss (blitz)"]
[EventRounds "11"]
[EventCountry "POL"]
[SourceTitle "CBM 215 Extra"]
[Source "ChessBase"]
[SourceDate "2023.09.30"]
[SourceVersion "1"]
[SourceVersionDate "2023.09.30"]
[SourceQuality "1"]

1. e4 c5 2. c3 Nf6 3. e5 Nd5 4. Nf3 Nc6 5. Bc4 Nb6 6. Bb3 c4 7. Bc2 d5 8. exd6 e5 9. 0-0 Bxd6 10. Re1 0-0 11. d4 Bg4 12. d5 e4 13. Bxe4 f5 14. dxc6 fxe4 15. h3 exf3 16. hxg4 Bh2+ 17. Kxh2 Qh4+ 18. Kg1 Qxg4 19. g3 Qh3 0-1

[Event "POL-ch U20 Girls"]
[Site "Karpacz"]
[Date "2022.11.19"]
[Round "1"]
[White "Sprzeczka, Emilia"]
[Black "Goraj, Barbara"]
[Result "1/2-1/2"]
[WhiteElo "1826"]
[BlackElo "2087"]
[PlyCount "145"]
[EventDate "2022.11.19"]
[EventType "swiss"]
[EventRounds "9"]
[EventCountry "POL"]
[SourceTitle "EXT 2024"]
[Source "ChessBase"]
[SourceDate "2023.10.10"]
[SourceVersion "1"]
[SourceVersionDate "2023.10.10"]
[SourceQuality "1"]

1. e4 c5 2. c3 Nf6 3. e5 Nd5 4. Nf3 Nc6 5. Bc4 e6 6. d4 cxd4 7. cxd4 d6 8. 0-0 Be7 9. Qe2 0-0 10. Qe4 Bd7 11. Bb3 Rc8 12. Nc3 Nxc3 13. bxc3 dxe5 14. dxe5 Na5 15. Bc2 g6 16. Bh6 Re8 17. Qf4 Rc4 18. Be4 Qc7 19. Rfe1 Bc6 20. Nd4 Bxe4 21. Rxe4 a6 22. Qg4 Rc8 23. h3 Ba3 24. Rd1 Bf8 25. Bxf8 Rxf8 26. Qg5 Rc5 27. Nf3 Nc6 28. Qf6 Qe7 29. Qxe7 Nxe7 30. Rd7 Nd5 31. Rxb7 Nxc3 32. Reb4 h6 33. Rd7 a5 34. Rb2 a4 35. Rc2 Rfc8 36. Ra7 Rd8 37. Rb2 Rcd5 38. Rbb7 Rf8 39. Nh4 Kg7 40. Nf3 Rc5 41. Re7 g5 42. Rxe6 Ne2+ 43. Kh2 Rc2 44. Rd6 Nf4 45. Rd2 Rfc8 46. Rxa4 Rxd2 47. Nxd2 Rc2 48. Ne4 Nd3 49. Ra5 Re2 50. Rd5 Nf4 51. Rd4 Rxa2 52. g3 Ne6 53. Rd2 Ra5 54. Rd7 Rxe5 55. Nd6 Re2 56. Kg2 Nc5 57. Rxf7+ Kg6 58. Rf3 Rd2 59. Nc4 Re2 60. h4 gxh4 61. gxh4 Re4 62. Rg3+ Kf6 63. Rf3+ Kg6 64. h5+ Kg5 65. Ne3 Re5 66. Rh3 Ne6 67. Kf3 Nd4+ 68. Kg2 Ne6 69. Rg3+ Kxh5 70. Rh3+ Kg5 71. Rg3+ Kh5 72. Kh2 Rg5 73. Ng2 1/2-1/2

[Event "POL-chT U18 1st"]
[Site "Poland"]
[Date "2022.07.03"]
[Round "9.6"]
[White "Wieczorek, Maja"]
[Black "Sprzeczka, Emilia"]
[Result "0-1"]
[WhiteElo "1270"]
[BlackElo "1635"]
[PlyCount "108"]
[EventDate "2022.06.25"]
[EventType "team-swiss"]
[EventRounds "9"]
[EventCountry "POL"]
[SourceTitle "EXT 2023"]
[Source "ChessBase"]
[SourceDate "2022.10.05"]
[SourceVersion "1"]
[SourceVersionDate "2022.10.05"]
[SourceQuality "1"]
[WhiteTeam "Wroclaw Invest Polonia"]
[BlackTeam "Ognisko Rydultowy"]
[WhiteTeamCountry "POL"]
[BlackTeamCountry "POL"]

1. Nf3 b6 2. g3 Bb7 3. Bg2 e6 4. 0-0 d5 5. d3 Nf6 6. a4 a5 7. Na3 Be7 8. Nd2 c5 9. e4 Bc6 10. b3 Nbd7 11. f4 dxe4 12. dxe4 h5 13. h3 Qc7 14. Bb2 Qb7 15. Qe2 Qa6 16. Qe1 0-0-0 17. Nac4 Rdf8 18. Ne5 Nxe5 19. Bxe5 Qb7 20. Rd1 Rd8 21. Qe2 Rhg8 22. Nc4 Nxe4 23. Bxe4 Bxe4 24. Nxb6+ Qxb6 25. Qxe4 Qb7 26. Qc4 Qc6 27. b4 axb4 28. a5 Kb7 29. Ra1 Rd2 30. Rf2 Rgd8 31. Raf1 Rxf2 32. Rxf2 f6 33. Bb2 Rd1+ 34. Rf1 Rxf1+ 35. Qxf1 c4 36. Bd4 Qd5 37. Bf2 Bc5 38. Bxc5 Qxc5+ 39. Kh2 Ka6 40. Qg2 Qd5 41. Qf2 Qxa5 42. Qe2 Qd5 43. Qe1 c3 44. Qa1+ Kb5 45. Qf1+ Kc5 46. Qa6 Qd2+ 47. Kg1 Qd1+ 48. Kg2 Qxc2+ 49. Kf3 Qd1+ 50. Kg2 c2 51. Qc8+ Kd4 52. Qd7+ Kc3 53. Qc6+ Kb2 54. Qc4 c1Q 0-1

[Event "POL-chT U18 1st"]
[Site "Poland"]
[Date "2022.06.30"]
[Round "6.6"]
[White "Sprzeczka, Emilia"]
[Black "Lajdamik, Kinga"]
[Result "0-1"]
[WhiteElo "1635"]
[BlackElo "1507"]
[PlyCount "72"]
[EventDate "2022.06.25"]
[EventType "team-swiss"]
[EventRounds "9"]
[EventCountry "POL"]
[SourceTitle "EXT 2023"]
[Source "ChessBase"]
[SourceDate "2022.10.05"]
[SourceVersion "1"]
[SourceVersionDate "2022.10.05"]
[SourceQuality "1"]
[WhiteTeam "Ognisko Rydultowy"]
[BlackTeam "Czerwionka Leszczyny Skoczek"]
[WhiteTeamCountry "POL"]
[BlackTeamCountry "POL"]

1. e4 c6 2. d4 d5 3. Nc3 dxe4 4. Nxe4 Nf6 5. Nxf6+ gxf6 6. c3 Bf5 7. Ne2 e6 8. Ng3 Bg6 9. h4 h6 10. h5 Bh7 11. Bf4 Nd7 12. Qd2 Qb6 13. Bc4 0-0-0 14. 0-0 f5 15. Qe2 Re8 16. b4 Qd8 17. b5 c5 18. a4 Qh4 19. Qd2 Nf6 20. f3 Rg8 21. a5 Rxg3 22. Bxg3 Qxg3 23. b6 a6 24. Rfd1 Nxh5 25. Qf2 Qf4 26. Ra4 Rd8 27. Bb3 Bd6 28. g4 Qg5 29. dxc5 Bf4 30. Rxd8+ Kxd8 31. Qd4+ Ke7 32. Kf1 Ng3+ 33. Kf2 Qh4 34. Qd3 Ne4+ 35. Ke2 Qh2+ 36. Ke1 Bg3+ 0-1

[Event "Krakow Malopolski op"]
[Site "Krakow"]
[Date "2022.06.18"]
[Round "5"]
[White "Czarnecka, Lidia"]
[Black "Sprzeczka, Emilia"]
[Result "1-0"]
[WhiteElo "1940"]
[BlackElo "1635"]
[PlyCount "125"]
[EventDate "2022.06.16"]
[EventType "swiss"]
[EventRounds "7"]
[EventCountry "POL"]
[SourceTitle "EXT 2023"]
[Source "ChessBase"]
[SourceDate "2022.10.05"]
[SourceVersion "1"]
[SourceVersionDate "2022.10.05"]
[SourceQuality "1"]

1. e4 c5 2. Nf3 d6 3. d4 cxd4 4. Nxd4 Nf6 5. Nc3 g6 6. Be3 Bg7 7. f3 0-0 8. Bc4 Nc6 9. Qd2 Nxd4 10. Bxd4 Be6 11. Bxe6 fxe6 12. 0-0-0 Qa5 13. Kb1 b5 14. Ne2 Qxd2 15. Rxd2 a6 16. Rhd1 Nd7 17. Be3 Ne5 18. b3 Nc6 19. h4 Rac8 20. h5 Kf7 21. Rh1 a5 22. hxg6+ hxg6 23. Nf4 Rh8 24. Nh3 Ke8 25. Rhd1 a4 26. Ng5 Bc3 27. Rf2 Kd7 28. f4 axb3 29. cxb3 Na5 30. Nf3 Nc6 31. Bc1 Kc7 32. Ng5 Kd7 33. Be3 Nd8 34. Rff1 Nc6 35. Nf3 Kc7 36. g3 Bf6 37. Rf2 Kb7 38. Re2 Bc3 39. Nh4 Rhg8 40. Rh2 Bf6 41. Nf3 b4 42. Re2 Rh8 43. Bf2 Bc3 44. Ng5 Nd8 45. Be3 Bf6 46. Nf3 Nc6 47. Bc1 Bc3 48. Bb2 Bxb2 49. Kxb2 Na7 50. e5 Nb5 51. Re4 d5 52. Rxb4 Ka6 53. Nh4 Rc7 54. Rd2 Rhc8 55. a4 Nc3 56. Rbd4 Ne4 57. Rg2 Rc3 58. Nxg6 Rb8 59. b4 Rc7 60. g4 Rcb7 61. b5+ Ka5 62. Rc2 Ra7 63. f5 1-0

[Event "Krakow Malopolski op"]
[Site "Krakow"]
[Date "2022.06.17"]
[Round "4"]
[White "Sprzeczka, Emilia"]
[Black "Smetek, Michal"]
[Result "1/2-1/2"]
[WhiteElo "1635"]
[BlackElo "1805"]
[PlyCount "48"]
[EventDate "2022.06.16"]
[EventType "swiss"]
[EventRounds "7"]
[EventCountry "POL"]
[SourceTitle "EXT 2023"]
[Source "ChessBase"]
[SourceDate "2022.10.05"]
[SourceVersion "1"]
[SourceVersionDate "2022.10.05"]
[SourceQuality "1"]

1. e4 e6 2. d4 d5 3. exd5 exd5 4. Nf3 Nf6 5. Bd3 Bd6 6. 0-0 0-0 7. h3 h6 8. Nc3 c6 9. Re1 Re8 10. Bd2 Nbd7 11. Rxe8+ Qxe8 12. Qe1 Qf8 13. Ne2 Ne4 14. Bf4 c5 15. c3 b6 16. Bxd6 Qxd6 17. Ng3 Nxg3 18. fxg3 Bb7 19. Kh2 Nf6 20. Ne5 Ne4 21. Qe3 f6 22. Ng6 Re8 23. Re1 Bc6 24. Qf3 Ng5 1/2-1/2

[Event "POL-chT U20"]
[Site "Lublin"]
[Date "2021.07.01"]
[Round "6.6"]
[White "Sprzeczka, Emilia"]
[Black "Tokarz, Izabela"]
[Result "1-0"]
[WhiteElo "1431"]
[BlackElo "1621"]
[PlyCount "75"]
[EventDate "2021.06.26"]
[EventType "team-tourn"]
[EventRounds "9"]
[EventCountry "POL"]
[SourceTitle "CBM 203 Extra"]
[Source "ChessBase"]
[SourceDate "2021.09.30"]
[SourceVersion "1"]
[SourceVersionDate "2021.09.30"]
[SourceQuality "1"]
[WhiteTeam "Rydultowy Ognisko"]
[BlackTeam "Trzebinia UKS Hetman Koronny"]
[WhiteTeamCountry "POL"]
[BlackTeamCountry "POL"]

1. e4 c5 2. Nf3 Nc6 3. d4 cxd4 4. Nxd4 Qc7 5. Nc3 e6 6. Be3 a6 7. Bd3 Nf6 8. 0-0 Ne5 9. f4 Neg4 10. Bc1 Bc5 11. Nce2 e5 12. fxe5 Qxe5 13. Bf4 Bxd4+ 14. Kh1 Qc5 15. Nxd4 Qxd4 16. e5 Nf2+ 17. Rxf2 Qxf2 18. exf6 Qxf4 19. fxg7 Rg8 20. Qe1+ Kd8 21. Qa5+ Ke7 22. Re1+ Kf6 23. Qc3+ Kg5 24. Rf1 Qxf1+ 25. Bxf1 d6 26. Qg3+ Kf6 27. Qc3+ Ke7 28. Bd3 f6 29. Qe1+ Kd7 30. Bf5+ Kc7 31. Qc3+ Kb8 32. Qxc8+ Ka7 33. Qc7 Rae8 34. h3 Re1+ 35. Kh2 Rge8 36. Bxh7 R1e7 37. Qxe7 Rxe7 38. g8Q 1-0

[Event "POL-chT U20"]
[Site "Lublin"]
[Date "2021.06.30"]
[Round "5.6"]
[White "Sprzeczka, Emilia"]
[Black "Szczotka, Klara"]
[Result "0-1"]
[WhiteElo "1431"]
[BlackElo "1934"]
[PlyCount "74"]
[EventDate "2021.06.26"]
[EventType "team-tourn"]
[EventRounds "9"]
[EventCountry "POL"]
[SourceTitle "CBM 203 Extra"]
[Source "ChessBase"]
[SourceDate "2021.09.30"]
[SourceVersion "1"]
[SourceVersionDate "2021.09.30"]
[SourceQuality "1"]
[WhiteTeam "Rydultowy Ognisko"]
[BlackTeam "Bialystok MUKS Stoczek 45"]
[WhiteTeamCountry "POL"]
[BlackTeamCountry "POL"]

1. e4 c5 2. Nf3 e6 3. d4 cxd4 4. Nxd4 a6 5. Nc3 Qc7 6. Bd3 Nf6 7. 0-0 Be7 8. Re1 d6 9. Qf3 Nbd7 10. Qg3 g6 11. Be3 b5 12. a4 b4 13. Na2 e5 14. Nb3 Nc5 15. Nxc5 dxc5 16. Bc4 Nxe4 17. Qf3 f5 18. Bh6 Bb7 19. Bg7 0-0-0 20. Bxh8 Rxh8 21. Qe2 Bh4 22. Rf1 Rd8 23. Rad1 Rxd1 24. Qxd1 Qc6 25. f3 Nd6 26. Qe2 e4 27. fxe4 Nxe4 28. Nc1 Bf6 29. Nb3 Be5 30. Rd1 Qc7 31. Rd3 Bxh2+ 32. Kf1 Qf4+ 33. Ke1 Bg3+ 34. Rxg3 Qxg3+ 35. Kf1 Qd6 36. Ke1 Kc7 37. Qd3 Qe5 0-1